000 00669nam a2200253Ia 4500
005 20260121161331.0
008 008 260114s9999 xx 000 0 eng d
020 _a9781003284437
037 _aEBOOK
040 _aCRL
040 _beng
040 _cCRL
041 _2eng
041 _aeng
084 _qCRL
100 _aVictoria R. Nalule
_91043099
245 0 _aMining Law and Governance in Africa : Transformation and Innovation for a Sustainable Mining Sector
260 _bTaylor and Francis
260 _c2023
856 _uhttp://www.taylorfrancis.com/books/9781003284437
942 _cEBOOK
999 _c1609915
_d1609915